000 00844nas a2200301 4500
001 BR2012002007
003 BR-BrBNA
005 20231205120349.0
007 ta
008 230509b bl.|||p| |||| 00| 00por d
040 _aBR-BrBNA
_bpor
_cBiblioteca Nacional de Agricultura
041 _a(Pt)
072 _aL72; L73
100 1 _aDomingues, R.V.
100 1 _aBaldassi, L.
100 1 _aCalil, E.M.B.
100 1 _aPortugal, M.A.S.C.
245 1 _aFilariose em bovinos - enfoque sobre duas ocorrências
650 _aBOVINO
650 _aFILARIOSE
650 _aDOENÇA ANIMAL
650 _aPARASITO
650 _aLESÃO
650 _aVETERINÁRIA
773 0 _tO Biológico (Brazil)
_xISSN 0366-0567
_g(Jan-Dec 1995), v. 57(1-2) p. 21-23
_wBR2012002007
909 _a202311
_bLúcia
_c55
_dLúcia Elande
942 _2AGRIS
_n0
_cANA
999 _c218140
_d218140